| 000 | 00456nam a22001457a 4500 | ||
|---|---|---|---|
| 008 | 230503b |||||||| |||| 00| 0 eng d | ||
| 040 |
_aNational Science Library _cNational Science Library |
||
| 080 |
_a541.1(089) _bL0.10 |
||
| 245 |
_aPhysical chemistry: _bAn advanced treatise |
||
| 260 |
_aNew York: _bAcademic Press, _c1970 |
||
| 500 | _aVol. x (Solid state); xix, 780p. | ||
| 650 | _aChemistry | ||
| 700 | _aJost, Wilhelm (Ed.) | ||
| 942 |
_2udc _cBK |
||
| 999 |
_c26743 _d26743 |
||